Подробности
| 000 -МАРКЕР |
| контрольное поле |
02466ncm0a2200469 4500 |
| 001 - ИДЕНТИФИКАТОР ЗАПИСИ |
| контрольное поле |
RU\NLR\ONIZ\306175 |
| 005 - ИДЕНТИФИКАТОР ВЕРСИИ |
| контрольное поле |
20250630172247.0 |
| 035 ## - ДРУГИЕ СИСТЕМНЫЕ НОМЕРА |
| Идентификатор записи |
(NLR Aleph) 022477017 |
| 071 20 - ИЗДАТЕЛЬСКИЙ НОМЕР |
| Номер, присвоенный агентством |
м. 9457 г. |
| 100 ## - ДАННЫЕ ОБЩЕЙ ОБРАБОТКИ |
| Данные общей обработки |
20250221d1929 |||y0rusy50 ca |
| 101 0# - ЯЗЫК РЕСУРСА |
| Язык текста, звукозаписи и т.д. |
крымско-татарский |
| 102 ## - СТРАНА ПУБЛИКАЦИИ ИЛИ ПРОИЗВОДСТВА |
| Страна публикации |
Российская Федерация |
| 135 ## - ПОЛЕ КОДИРОВАННЫХ ДАННЫХ: ЭЛЕКТРОННЫЕ РЕСУРСЫ |
| Кодированные данные для электронного ресурса |
crcn 024anaba |
| 145 0# - ПОЛЕ КОДИРОВАННЫХ ДАННЫХ: СРЕДСТВО ИСПОЛНЕНИЯ МУЗЫКАЛЬНОГО ПРОИЗВЕДЕНИЯ (УСТАРЕВШЕЕ) |
| Тип средства исполнения |
b |
| 200 1# - ЗАГЛАВИЕ И СВЕДЕНИЯ ОБ ОТВЕТСТВЕННОСТИ |
| Основное заглавие |
Крымские напевы |
| Общее обозначение материала |
Ноты |
| Сведения, относящиеся к заглавию |
татарские песни и пляски |
| -- |
для фортепиано |
| Первые сведения об ответственности |
С. Халваджи |
| 203 ## - ВИД СОДЕРЖАНИЯ И ТИП СРЕДСТВА |
| Вид содержания |
Музыка |
| Дополнительные сведения об издании |
|
| -- |
|
| Тип средства |
непосредственная |
| 210 ## - ПУБЛИКАЦИЯ, РАСПРОСТРАНЕНИЕ И ДР. |
| Место издания, распространения и т.д. |
Москва |
| Имя издателя, распространителя и т. д. |
Музыкальный сектор |
| Дата издания, распространения и т.д. |
1929 |
| 215 ## - ФИЗИЧЕСКАЯ ХАРАКТЕРИСТИКА |
| Специфическое обозначение материала и объем |
9 с. |
| Размеры |
36 см |
| 313 ## - ПРИМЕЧАНИЯ, ОТНОСЯЩИЕСЯ К ТЕМАТИЧЕСКОМУ ДОСТУПУ |
| Текст примечания |
Систематизация документа проведена по изданию - Методика классифицирования музыкальных произведений (нотных изданий) по таблицам Библиотечно-библиографических классификаций : метод. рекомендации / Гос. б-ка СССР им. В.И. Ленина.- М., 1977. Индексу ББК методических рекомендаций присваивается код ББК для научных библиотек - LBC/SL |
| 325 1# - ПРИМЕЧАНИЕ О КОПИИ |
| Текст примечания |
Копия доступна в электронной библиотеке РНБ |
| 606 1# - НАИМЕНОВАНИЕ ТЕМЫ КАК ПРЕДМЕТ |
| Наименование темы |
Крым |
| Тематический подзаголовок |
Музыкальные интерпретации |
| Формальный подзаголовок |
Ноты |
| Код системы |
nlr_sh |
| 606 1# - НАИМЕНОВАНИЕ ТЕМЫ КАК ПРЕДМЕТ |
| Наименование темы |
Крымскотатарская музыка |
| Географический подзаголовок |
20-21 вв. |
| Формальный подзаголовок |
Ноты |
| Код системы |
nlr_sh |
| 606 1# - НАИМЕНОВАНИЕ ТЕМЫ КАК ПРЕДМЕТ |
| Наименование темы |
Татарские песни и пляски |
| Формальный подзаголовок |
Ноты |
| Код системы |
nlr_sh |
| 686 0# - ИНДЕКСЫ ДРУГИХ КЛАССИФИКАЦИЙ |
| Индекс |
Щ954.2-058.55(2Р=Тата)я44 |
| 700 #1 - ИМЯ ЛИЦА - ПЕРВИЧНАЯ ОТВЕТСТВЕННОСТЬ |
| Системный номер авторитетной/нормативной записи |
z01790 |
| Начальный элемент ввода |
Халваджи |
| Часть имени, кроме начального элемента ввода |
С. |
| Код отношения |
Композитор |
| Графика поля |
Кириллица |
| 790 #1 - ИМЯ ЛИЦА - АЛЬТЕРНАТИВНАЯ ФОРМА |
| Системный номер авторитетной/нормативной записи |
z01700 |
| Начальный элемент ввода |
Chalvadži |
| Часть имени, кроме начального элемента ввода |
S. |
| Код отношения |
Композитор |
| Графика поля |
Латинская |
| 801 #0 - ИСТОЧНИК ЗАПИСИ |
| Страна |
Российская Федерация |
| Организация |
NLR |
| Дата составления |
20250221 |
| Правила каталогизации |
PSBO |
| 801 #1 - ИСТОЧНИК ЗАПИСИ |
| Страна |
Российская Федерация |
| Организация |
NLR |
| Дата составления |
20250221 |
| Источник данных |
rusmarc |
| 852 ## - МЕСТОНАХОЖДЕНИЕ И ШИФР ХРАНЕНИЯ |
| Идентификатор организации |
NLR |
| Наименование фонда или коллекции (Sub-Location Identifier) |
М |
| Шифр хранения (Call Number) |
145-4/25 |
| Страна |
|
| Номер экземпляра |
1 |
| 856 #0 - МЕСТОНАХОЖДЕНИЕ ЭЛЕКТРОННЫХ РЕСУРОВ И ДОСТУП К НИМ |
| Универсальный идентификатор ресурса (Uniform Resource Identifier) |
https://vivaldi.nlr.ru/bn000011825/view |
| 856 #1 - МЕСТОНАХОЖДЕНИЕ ЭЛЕКТРОННЫХ РЕСУРОВ И ДОСТУП К НИМ |
| Универсальный идентификатор ресурса (Uniform Resource Identifier) |
https://vivaldi.nlr.ru/bn000011825/cover |
| 856 #2 - МЕСТОНАХОЖДЕНИЕ ЭЛЕКТРОННЫХ РЕСУРОВ И ДОСТУП К НИМ |
| Универсальный идентификатор ресурса (Uniform Resource Identifier) |
https://vivaldi.nlr.ru/bn000011825/text |
| 942 ## - ДОПОЛНИТЕЛЬНЫЕ ЭЛЕМЕНТЫ ЗАПИСИ (АБИС) |
| Тип экземпляра АБИС |
Ноты |
| 980 ## - КОЛЛЕКЦИЯ |
| Название коллекции |
Отдел нот и звукозаписей |
| 980 ## - КОЛЛЕКЦИЯ |
| Название коллекции |
Крым |
| 980 ## - КОЛЛЕКЦИЯ |
| Название коллекции |
Национальная библиография |
| 981 48 - КОЛЛЕКЦИЯ ЭЛЕКТРОННОЙ БИБЛИОТЕКИ |
| Название коллекции |
|
| 981 24 - КОЛЛЕКЦИЯ ЭЛЕКТРОННОЙ БИБЛИОТЕКИ |
| Название коллекции |
Нотные издания и аудиозаписи |